Οδηγός για την διατήρηση της ψηφιακής φωτογραφίας : μεταπτυχιακή εργασία
Αποθηκεύτηκε σε:
| Κύριος συγγραφέας: | |
|---|---|
| Συγγραφή απο Οργανισμό/Αρχή: | |
| Μορφή: | Thesis Βιβλίο |
| Γλώσσα: | Greek |
| Δημοσίευση: |
2008.
|
| Θέματα: | |
| Διαθέσιμο Online: | http://hdl.handle.net/11610/16391 |
| Ετικέτες: |
Προσθήκη ετικέτας
Δεν υπάρχουν, Καταχωρήστε ετικέτα πρώτοι!
|
MARC
| LEADER | 00000cam a2200000 i 4500 | ||
|---|---|---|---|
| 001 | 1/1524 | ||
| 008 | 090915s2008 gr | ||| |||| ||gre|| | ||
| 035 | |l 10105629 | ||
| 040 | |a GR-MyUa |b gre |e AACR2 | ||
| 041 | 0 | |a gre | |
| 082 | 7 | |a 771.3 |2 (22) | |
| 100 | 1 | |a Λέση, Λορέττα. | |
| 245 | 1 | 0 | |a Οδηγός για την διατήρηση της ψηφιακής φωτογραφίας : |b μεταπτυχιακή εργασία / |c Λορέττα Λέση ; επιβλέπων καθηγητής: Γεράσιμος Παυλογεωργάτος. |
| 260 | |c 2008. | ||
| 300 | |a 75 σ. ; |c 30 εκ. | ||
| 502 | |a Διατριβή (μεταπτυχιακή) – Πανεπιστήμιο Αιγαίου, Λέσβος, 2008. | ||
| 504 | |a Βιβλιογραφία: σ. 74-75. | ||
| 650 | 0 | 0 | |a Photography |x Digital techniques. |
| 650 | 0 | 0 | |a Digital preservation. |
| 650 | 0 | 0 | |a Photography |x Digital techniques |x Equipment and supplies. |
| 650 | 0 | 0 | |a Digital cameras. |
| 650 | 0 | 0 | |a Dissertations, Academic |z Greece. |
| 700 | 1 | |a Παυλογεωργάτος, Γεράσιμος Δ. |e dgs | |
| 710 | 2 | |a Πανεπιστήμιο Αιγαίου. |b Σχολή Κοινωνικών Επιστημών. |b Τμήμα Πολιτισμικής Τεχνολογίας και Επικοινωνίας. |b Πρόγραμμα Μεταπτυχιακών Σπουδών Πολιτισμική Πληροφορική και Επικοινωνία. | |
| 852 | |a INST |b LESVOS |c DIATR |e 20090915 |h 193 |p 005100046588 |q 005100046588 |t MTXE |y 23 | ||
| 852 | |a INST |b LESVOS |c DIATR |e 20090915 |h 194 |p 005100046589 |q 005100046589 |t MTXE |y 23 | ||
| 856 | |u http://hdl.handle.net/11610/16391 | ||
| 901 | |a BIBL1-2009-3 | ||
| 924 | |a Λέση |b Λορέττα |y Λέσβος |z 2008-06 | ||
| 970 | |a ΤΖΑΦΕΡΗ |b ΕΥΑΓΓΕΛΙΑ |z 2009/09/15 | ||